| 000 | 01172cam a2200193 a 4500 | ||
|---|---|---|---|
| 020 | _a9789251060643 | ||
| 020 | _a9251060649 | ||
| 040 | _cNLGGC | ||
| 082 | _a338 FOO 2008 A078 Or. | ||
| 245 | 0 | 0 |
_aTowards integrated assessment and advice in small-scale fisheries : _bprinciples and processes / |
| 260 |
_aRome : _bFood and Agriculture Organization of the United Nations, _c2008 |
||
| 300 |
_axiv, 84 p. : _bill. ; _c30 cm |
||
| 520 | 3 | _aThe document presents the principles and processes for integrated assessment and advice in small-scale fisheries. The first chapter discusses failures of conventional assessment and management approaches. Chapter 2 presents the conceptual origins and principles of integrated assessment of small-scale fisheries. The framework is then introduced and places the assessment within the broader planning and management cycle. The final chapter discusses the implementation of the IAA framework.--Publisher's description | |
| 650 | 0 | _aSmall-scale fisheries | |
| 700 | 1 | _aGarcia, Serge | |
| 710 | 2 | _aFood and Agriculture Organization of the United Nations | |
| 856 | 4 | 1 | _uhttp://www.fao.org/docrep/011/i0326e/i0326e00.htm |
| 942 | _cEK | ||
| 999 |
_c15716 _d15716 |
||